Vyvažovanie výrobnej linky [DVD-ROM] : Diplomová práca

Uložené v:
Podrobná bibliografia
Hlavný autor: Valkovičová, Petra (Autor)
Ďalší autori: Pavlov, Angel, 1941- (xxx)
Médium: Rukopis Kniha
Jazyk:Slovak
Vydavateľské údaje: Bratislava : STU v Bratislave SjF, 2007
Vydanie:1.vyd.
Predmet:
Tagy: Pridať tag
Žiadne tagy, Buďte prvý, kto otaguje tento záznam!

MARC

LEADER 00000ntm a22000003a 4500
001 stu153888
005 20150617230011.7
008 071211s2007----xo------------------slo-d
040 |a STU  |b slo 
041 0 |a slo 
044 |a xo 
100 1 |a Valkovičová, Petra  |4 aut  |u J120  |U SjF Ústav výrobných systémov, enviromentálnej techniky a manažment kvality  |T SjF Katedra výrobných systémov  |U J120  |Y 38 
245 1 |a Vyvažovanie výrobnej linky [DVD-ROM] :  |b Diplomová práca 
250 |a 1.vyd. 
260 |a Bratislava :  |b STU v Bratislave SjF,  |c 2007 
300 |a 100 s 
650 7 |a výroba ložísk  |2 stusub 
650 7 |a tvrdá výrobná linka  |2 stusub 
650 7 |a production of the bearings  |2 estusub 
650 7 |a production line  |2 estusub 
700 1 |a Pavlov, Angel,  |d 1941-  |4 xxx  |u J120  |U SjF Ústav výrobných systémov, enviromentálnej techniky a manažment kvality  |T SjF Katedra výrobných systémov  |X 2426  |U J120  |Y 38  |7 A000002426 
996 |b 284J032020  |c J*108420  |l JJSK  |s A  |a 24  |w stu153888_0001